Normal view
MARC view
- Restaurants
Entry Topical Term
001 - CONTROL NUMBER
- control field: 45729
003 - CONTROL NUMBER IDENTIFIER
- control field: NUST
005 - DATE AND TIME OF LATEST TRANSACTION
- control field: 20210314133329.0
008 - FIXED-LENGTH DATA ELEMENTS
- fixed length control field: 210314|| aca||aabn | a|a d
040 ## - CATALOGING SOURCE
- Original cataloging agency: NUST
- Transcribing agency: NUST
150 ## - HEADING--TOPICAL TERM
- Topical term or geographic name entry element: Restaurants
- General subdivision: Design
670 ## - SOURCE DATA FOUND
- Source citation: Work cat.: (NUST): Lawson, Fred R. 45728, Restaurants, clubs & bars :, 1994.
